| 000 | 00764nam a2200265Ia 4500 | ||
|---|---|---|---|
| 003 | OSt | ||
| 005 | 20220924114815.0 | ||
| 006 | a|||||r|||| 00| 0 | ||
| 007 | ta | ||
| 008 | 220923b |||||||| |||| 00| 0 ara d | ||
| 024 | _a344528 | ||
| 037 | _cTextual | ||
| 040 |
_aARTS _cARTS _bara |
||
| 041 |
_2ara _aara |
||
| 082 | _aV466.D, 28J9 | ||
| 100 |
_aAl-Fariqi Ibn-al-Azraq Au. _9175494 |
||
| 245 | 0 | _aTarikh-al-Fariqi | |
| 260 |
_aCairo _bGeneral organisation Egypt _c1959 |
||
| 300 |
_a355p. _ccm. |
||
| 650 |
_a SYRIA - HISTORY _9175495 |
||
| 650 |
_aARABIC LANGUAGE _931794 |
||
| 700 |
_a Awad B.A.L Ed. _9175496 |
||
| 942 |
_hV466.D, 28J9 _cTEXL _2CC |
||
| 999 |
_c395396 _d395396 |
||